00466 2200193 4500001002100000005001500021008004100036020002200077035001900099041000700118082000800125090001600133100001900149245002000168250001000188260002800198300002500226650002100251INLIS00000000002471720241224131757241224||||||||| | ||| |||| || |  a978-602-366-133-6 0010-1224024717 aid0 a741 a741.5 NAN i0 aNaning Chandra00aIh, Kamu Curang aCet.1 aSolobTiga Anandac2017 a36 hlm.; ilus. 20 cm 0acerita bergambar